000
00226nam a22000857a 4500
008
151005b xxu||||| |||| 00| 0 eng d
082
_a
333.7 INT
245
_a
INTEGRATED NATURAL RESOURCE MANAGEMENT
260
_b
THE WORLD BANK:
_c
1992.
999
_c
3371
_d
3371